00502nam a2200121Ia 4500008004100000020002200041100001900063245016100082260003000243300002600273650003900299650004200338200908s9999 xx 000 0 und d a978-148-33-8667-6 aElias, Maurice cMaurice J. Elias, Joseph J. Ferrito, Dominic C. MoceriaThe Other side of the report side:bassessing student's social, emotional and character development/ aCalifornia:bCORWINc2016 axvi, 88 pagesc28 cm. aEducational tests and measurements aPersonality development -- evaluation